000 00607cam a22002411 4500
001 sa 62000185
003 DLC
005 20260227111913.0
008 950117s1961 ii b 000 0 hino
010 _asa 62000185
025 _aPL480:I-H-45
035 _a(OCoLC)31829376
040 _aDLC
_cCU
_dCU
_dDLC
042 _apremarc
050 0 0 _aPK2040
_b.M5
100 1 _aMisra, Durga Shankar.
245 1 0 _aHindī-kāvya-manthana.
260 _c[1961]
300 _a362 p.
_c23 cm.
500 _aIn Hindi.
504 _aBibliography: p.[355]-362.
650 0 _aHindi poetry
_xHistory and criticism.
999 _c52836
_d52836